| 000 | 00975nam a2200217 i 4500 | ||
|---|---|---|---|
| 001 | 174010 | ||
| 003 | ES-MaACL | ||
| 005 | 20240308171611.0 | ||
| 008 | 100205s1906 sp r |||| | spa d | ||
| 100 | 1 |
_aÁlvarez Quintero, Serafín, _d1871-1938 _9226443 |
|
| 245 | 1 | 3 |
_aLa mala sombra _b: sainete / _cde Serafín y Joaquín Álvarez Quintero ; con música del maestro José Serrano. |
| 260 |
_aMadrid : _b[Sociedad de Autores Españoles], _c1906 ( _fR. Velasco) |
||
| 300 |
_a47 pág. + 1 hoj. ; _c20 cm. |
||
| 500 | _aEn port.: Estrenado en el teatro de Apolo el 25 de septiembre de 1906. | ||
| 500 | _aSainete dedicado a Vital Aza, médico y poeta. | ||
| 500 | _aSolo la letra. | ||
| 700 | 1 |
_aÁlvarez Quintero, Joaquín, _d1873-1944 _920922 |
|
| 700 | 1 |
_aSerrano, José, _d1873-1941 _9105700 |
|
| 852 |
_aES-MaACL _jF-8644(5) _z.- Enc. hol. _z.- Enc. en un vol. facticio formando parte de la col. facticia "Teatro español moderno" v. 101 |
||
| 999 |
_c174010 _d174010 |
||